000
00314nam a22001337a 4500
008
180924b xxu||||| |||| 00| 0 eng d
020
_a
9780323024082
041
_a
eng
080
_2
4 ED
_a
615
100
_a
5
101
_a
FAR
245
_a
Pharmacology And The Nusrsing Process
_c
Lilley.H
942
_2
udc
_c
BK
999
_c
48304
_d
48304